| 000 | 00647nam a2200253 a 4500 | ||
|---|---|---|---|
| 001 | nice12345678 | ||
| 003 | IN_TiNIC | ||
| 005 | 20260116013059.0 | ||
| 008 | 050524s1997 cama grp 000 0 eng | ||
| 020 |
_a0521784 _c500 |
||
| 082 | 0 | 0 |
_a331 _bNAI |
| 100 | _aNainta, Rish Pal | ||
| 245 |
_aBonded Labour in India _b a Socio-Legal Study |
||
| 260 |
_aCambridge _bCambridge University Press _c1997 |
||
| 300 | _a254p | ||
| 500 | _aincludes index and biblioraphy | ||
| 505 | 2 | _aIndex | |
| 650 | _aLabour Economics | ||
| 650 | _aBonded Labour | ||
| 700 | 1 | _aNainta, Rish Pal | |
| 902 | _bSRS | ||
| 942 | _cBK | ||
| 999 |
_c9572 _d9572 |
||